| 000 | 00464nam a2200169Ia 4500 | ||
|---|---|---|---|
| 008 | 210719s1979 xx 000 0 und d | ||
| 020 | _a0-673-15097-6 | ||
| 041 | _aeng | ||
| 082 | _a519.5 TWAI | ||
| 100 | _aTWAITE (James A);MONOROE (Jane A) | ||
| 245 | _aIntroductory statistics | ||
| 260 |
_aGlenview _bScott, Foresman & Co _c1979 |
||
| 300 |
_a592 _bHB |
||
| 650 | _aMathematical Statistics | ||
| 650 | _aMathematics | ||
| 906 | _aIntroductory ; statistics | ||
| 999 |
_c214557 _d214557 |
||